000 00388nam a2200133Ia 4500
008 211109s9999||||xx |||||||||||||| ||und||
082 _a894.8123
_bSUG-R
100 _aSugatha Kumari,
245 0 _aRathri Mazha
260 _bUnknown Publisher
_aDelhi
_c1900
630 _xGENERAL STACK
650 _aLiterature
_vMalayalam Literature
_xMalayalam novelMalayalam FictionStory
942 _cBOOK
999 _c47178
_d47178